Jugando con la matemática : (Registro nro. 14806)

Detalles MARC
000 -LIDER
fixed length control field 01153nam a2200313 a 4500
001 - NÚMERO DE CONTROL
Identificador de número de control 0000213
003 - IDENTIFICACDOR DE NÚMERO DE CONTROL
control field DO-SdBNP
005 - DATE AND TIME OF LATEST TRANSACTION
control field 20240909101502.0
007 - CAMPOS FIJOS DE DESCRIPCIÓN FÍSICA
fixed length control field 0000213
008 - ELEMENTOS DE LONGITUD FIJA
fixed length control field 150130s2006 ar ac 000 0 spa d
020 ## - ISBN
International Standard Book Number 9789507714436
040 ## - FUENTE DE CATALOGACIÓN
Agencia que crea de manera original el registro BPMSU
Idioma de catalogación spa
Agencia que realiza la transcripción BPMSU
082 #4 - NÚMERO DE CLASIFICACIÓN DECIMAL DE DEWEY
Classification number 372.7
Item number J93m 2006
Edition number 22
245 10 - MENCIÓN DE TITULO
Título Jugando con la matemática :
Subtítulo y a desarrollar el ingenio! /
Mención de responsabilidad redacción María Amalia Fones ; ilustraciones especiales Ramón Gil, Víctor Marcelo Páez, Luis Retta.
260 ## - PUBLICACIÓN, DISTRIBUCIÓN, ETC. (PIE DE IMPRENTA)
Lugar de publicación, distribución, etc Buenos Aires, Argentina :
Nombre del editor, distribuidor, etc. Cultura Librera Americana ;
Fecha de publicación, distribución, etc 2006
300 ## - DESCRIPCIÓN FÍSICA
Extensión 2 vs.
Otros detalles físicos il., retrs.,
Dimensiones 28 cm. +
Material complementario CD-ROM ;
490 1# - MENCIÓN DE SERIES
Mención de serie Proyecto todos juntos
650 #4 - ENCABEZAMIENTO DE MATERIA--TEMÁTICO
Término temático o nombre geográfico como elemento de entrada Juegos matemáticos.
650 #4 - ENCABEZAMIENTO DE MATERIA--TEMÁTICO
Término temático o nombre geográfico como elemento de entrada Matemáticas
Subdivisión temática general Enseñanza primaria.
Subdivisión geográfica
650 #4 - ENCABEZAMIENTO DE MATERIA--TEMÁTICO
Término temático o nombre geográfico como elemento de entrada Matemáticas recreativas.
Subdivisión temática general
650 #4 - ENCABEZAMIENTO DE MATERIA--TEMÁTICO
Término temático o nombre geográfico como elemento de entrada Matemáticas
Subdivisión de forma Problemas, ejercicios, etc.
Subdivisión temática general
Fuente del encabezamiento o término
700 1# - ASIENTO SECUNDARIO -- NOMBRE PERSONAL
Nombre personal Fones, María Amalia.
Mención de responsabilidad
700 1# - ASIENTO SECUNDARIO -- NOMBRE PERSONAL
Nombre personal Gil, Ramón,
Mención de responsabilidad ilustración
700 1# - ASIENTO SECUNDARIO -- NOMBRE PERSONAL
Nombre personal Páez, Víctor Marcelo
Mención de responsabilidad ilustración
700 1# - ASIENTO SECUNDARIO -- NOMBRE PERSONAL
Nombre personal Retta, Luis,
Mención de responsabilidad ilustración
710 2# - ASIENTO SECUNDARIO -- NOMBRE CORPORATIVO
Nombre corporativo o de jurisdicción Lexus Editores
910 ## - VALIDACIÓN
Validación VMateo V. Control de calidad. BPMSU
942 ## - ADDED ENTRY ELEMENTS (KOHA)
Source of classification or shelving scheme Dewey Decimal Classification
Koha item type Libros
Existencias
Withdrawn status Lost status Source of classification or shelving scheme Damaged status Not for loan Collection code Home library Current library Date acquired Source of acquisition Total Checkouts Full call number Barcode Date last seen Copy number Price effective from Koha item type
    Dewey Decimal Classification     Colección Infantil General Biblioteca Pública Metropolitana Salomé Ureña Biblioteca Pública Metropolitana Salomé Ureña 09/09/2024   BPMSU CGI 372.7 J93m 2006 BPMSU24090026 09/09/2024 v.1 09/09/2024 Libros
    Dewey Decimal Classification     Colección Infantil General Biblioteca Pública Metropolitana Salomé Ureña Biblioteca Pública Metropolitana Salomé Ureña 09/09/2024   BPMSU CGI 372.7 J93m 2006 BPMSU24090027 09/09/2024 v.2 09/09/2024 Libros